Heinrich Dörrie et Matthias Baltes (éd.), Der Platonismus in der Antike. Die philosophische Lehre des Platonismus, t. 6 . 1 et 6 . 2, Von der « Seele » als der Ursache aller sinnvollen Abläufe, Bausteine 151-168 et 169-181 (texte, trad. et com., Stuttgart-Bad Cannstatt, Friedrich Frommann Verlag - Günther Holzboog, 2002, XIV-437 p., X-454 p. Prix : 710 E. (notice n° 1657067)
[ vue normale ]
| 000 -LEADER | |
|---|---|
| fixed length control field | 00831cam a2200145 4500500 |
| 005 - DATE AND TIME OF LATEST TRANSACTION | |
| control field | 20260208010539.0 |
| 041 ## - LANGUAGE CODE | |
| Language code of text/sound track or separate title | fre |
| 042 ## - AUTHENTICATION CODE | |
| Authentication code | dc |
| 100 10 - MAIN ENTRY--PERSONAL NAME | |
| Personal name | Larivée, Annie |
| Relator term | author |
| 245 00 - TITLE STATEMENT | |
| Title | Heinrich Dörrie et Matthias Baltes (éd.), Der Platonismus in der Antike. Die philosophische Lehre des Platonismus, t. 6 . 1 et 6 . 2, Von der « Seele » als der Ursache aller sinnvollen Abläufe, Bausteine 151-168 et 169-181 (texte, trad. et com., Stuttgart-Bad Cannstatt, Friedrich Frommann Verlag - Günther Holzboog, 2002, XIV-437 p., X-454 p. Prix : 710 E. |
| 260 ## - PUBLICATION, DISTRIBUTION, ETC. | |
| Date of publication, distribution, etc. | 2005.<br/> |
| 500 ## - GENERAL NOTE | |
| General note | 22 |
| 786 0# - DATA SOURCE ENTRY | |
| Note | Revue philosophique de la France et de l'étranger | 130 | 1 | 2005-03-01 | p. 77zb-130zb | 0035-3833 |
| 856 41 - ELECTRONIC LOCATION AND ACCESS | |
| Uniform Resource Identifier | <a href="https://shs.cairn.info/revue-philosophique-2005-1-page-77zb?lang=fr&redirect-ssocas=7080">https://shs.cairn.info/revue-philosophique-2005-1-page-77zb?lang=fr&redirect-ssocas=7080</a> |
Pas d'exemplaire disponible.




Réseaux sociaux